Migración y salud en zonas fronterizas: Nicaragua y Costa Rica /
שמור ב:
| מחבר ראשי: | |
|---|---|
| מחברים אחרים: | , |
| פורמט: | Texto |
| תגים: |
הוספת תג
אין תגיות, היה/י הראשונ/ה לתייג את הרשומה!
|
MARC
| LEADER | 00000 a a2200000 04500 | ||
|---|---|---|---|
| 001 | 42287 | ||
| 003 | |||
| 040 | |||
| 100 | |a Morales, Abelardo | ||
| 245 | |a Migración y salud en zonas fronterizas: |b Nicaragua y Costa Rica / |c Abelardo Morales ; Guillermo Acuña ; Karina Li Wing-Ching | ||
| 700 | |a Acuña, Guillermo | ||
| 700 | |a Li Wing-Ching, Karina | ||
| 773 | |g número94 ( , 2010), 63 páginas : tablas, gráficos | ||
| 999 | |c 36289 |d 36289 | ||
